Metodika výberu nekonvenčných prostriedkov a technológie hromadnej osobnej dopravy

Bibliographic Details
Main Author: Dudáček, Jiří (Author)
Format: Article
Language:Slovak
ISBN:808070158X
Subjects:

MARC

LEADER 00000naa a2200000 ar4500
001 vtls009190990
003 SK-MaSNL
005 20260302100242.0
008 080312c2003 xo zr|p|||||||000 b|slo
015 |a SNBRA2008/03  |2 snkbucl 
038 |a SNKBUCL 
040 |a SNKBUCL  |b slo  |c SNKBUCL  |e AACR2 
041 0 |a slo  |b eng 
044 |a xo  |c SK 
080 |a 656.025.2.025.6:629.014.8  |2 2001 
080 |a 629.014.8  |2 2001 
100 1 |a Dudáček, Jiří  |4 aut  |9 770547 
245 1 0 |a Metodika výberu nekonvenčných prostriedkov a technológie hromadnej osobnej dopravy  |c Jiří Dudáček 
504 |a Res. angl. 
546 |a Bibliogr. odkazy 
650 0 7 |a verejná hromadná doprava  |2 snkbucl  |9 770332 
650 0 7 |a nekonvenčné dopravné systémy  |2 snkbucl  |9 770548 
650 0 7 |a nekonvenčné dopravné prostriedky  |2 snkbucl  |9 770549 
773 0 |t Práce a štúdie Fakulty prevádzky a ekonomiky dopravy a spojov Žilinskej univerzity v Žiline 20  |d Žilina : Edis, 2003  |g S. 43-48  |z 808070158X 
852 |a SNK  |b KIS3GCP 
958 |a NB 
999 |c 1219745  |d 1221675